Breeding of field and agricultural crops / (Record no. 759129)
[ view plain ]
| 000 -LEADER | |
|---|---|
| fixed length control field | 00356nam a22001337a 4500 |
| 020 ## - INTERNATIONAL STANDARD BOOK NUMBER | |
| ISBN | 9789362248640 |
| 082 ## - DEWEY DECIMAL CLASSIFICATION NUMBER | |
| Classification number | 631.52 KRE.B |
| 100 ## - MAIN ENTRY--AUTHOR NAME | |
| Personal name | Kress, Sabine |
| 245 ## - TITLE STATEMENT | |
| Title | Breeding of field and agricultural crops / |
| 260 ## - PUBLICATION, DISTRIBUTION, ETC. (IMPRINT) | |
| Place of publication | Darya Ganj : |
| Name of publisher | Discovery publishing house , |
| Year of publication | c2025. |
| 300 ## - PHYSICAL DESCRIPTION | |
| Number of Pages | c276 p. |
| 942 ## - ADDED ENTRY ELEMENTS (KOHA) | |
| Source of classification or shelving scheme | Dewey Decimal Classification |
| Koha item type | Book |
| Withdrawn status | Lost status | Source of classification or shelving scheme | Damaged status | Not for loan | Home Library | Current Location | Shelving location | Date acquired | Source of acquisition | Full call number | Accession Number | Price effective from | Koha item type |
|---|---|---|---|---|---|---|---|---|---|---|---|---|---|
| Dewey Decimal Classification | Dept. of Botany | Dept. of Botany | General Stacks | 27/04/2026 | Southern book star | 631.52 KRE.B | BOT10961 | 27/04/2026 | Book |
